[Event "Recco op-B 4th"]
[Site "Recco"]
[Date "2010.11.27"]
[Round "2"]
[White "Spinetta, Gianni"]
[Black "Diena, Giovanni"]
[Result "0-1"]
[WhiteElo "1604"]
[BlackElo "1844"]
[PlyCount "152"]
[EventDate "2010.11.26"]
[EventType "swiss"]
[EventRounds "5"]
[EventCountry "ITA"]
[SourceTitle "EXT 2023"]
[Source "ChessBase"]
[SourceDate "2022.10.05"]
[SourceVersion "1"]
[SourceVersionDate "2022.10.05"]
[SourceQuality "1"]

1. c4 Nf6 2. Nc3 e6 3. g3 Be7 4. Bg2 0-0 5. Nf3 d5 6. cxd5 exd5 7. d4 c6 8. 0-0 h6 9. Re1 Bf5 10. Bf4 Nbd7 11. Qc1 Kh7 12. Nh4 Bg6 13. Nxg6 fxg6 14. e4 dxe4 15. Nxe4 Nxe4 16. Bxe4 Nf6 17. Qe3 Nxe4 18. Qxe4 Bb4 19. Re2 Rf7 20. a3 Ba5 21. Rd1 Bb6 22. Be5 Rd7 23. b4 Qg8 24. Qc2 Rad8 25. Re4 Qd5 26. Rg4 Qe6 27. Re4 Qf5 28. Qd3 Rd5 29. Qe3 Re8 30. Re1 Qd7 31. Qc3 a6 32. Qe3 Rf8 33. Bxg7 Qxg7 34. Re7 Rf7 35. Rxf7 Qxf7 36. Qe7 Rd7 37. Qe5 Bxd4 38. Qe2 Bc3 39. Rc1 Re7 40. Qf1 Bb2 41. Rc4 Bg7 42. Rf4 Qb3 43. Qc1 Qb2 44. Qc5 Qe5 45. Qc2 Qd5 46. Qb1 Qd2 47. Kf1 Bc3 48. Kg2 Qd5+ 49. Kh3 Bg7 50. Qc2 Re5 51. g4 Qe6 52. f3 Re2 53. Qd3 Rb2 54. Re4 Qb3 55. Qxb3 Rxb3 56. Kg3 Bf6 57. a4 Kg7 58. h4 Kf7 59. Rf4 Ke6 60. Re4+ Kd5 61. g5 hxg5 62. hxg5 Bxg5 63. Rg4 Bd2 64. Re4 g5 65. b5 axb5 66. axb5 Rxb5 67. Kf2 Bf4 68. Ra4 Rb2+ 69. Kf1 b5 70. Ra8 Kc4 71. Re8 c5 72. Re4+ Kd3 73. Kg1 c4 74. Kf1 c3 75. Re7 b4 76. Rd7+ Ke3 0-1

[Event "Recco op 2nd"]
[Site "Recco"]
[Date "2008.11.29"]
[Round "2"]
[White "Cavatorta, Ivan"]
[Black "Spinetta, Gianni"]
[Result "1/2-1/2"]
[WhiteElo "1868"]
[BlackElo "1565"]
[PlyCount "50"]
[EventDate "2008.11.28"]
[EventType "swiss"]
[EventRounds "5"]
[EventCountry "ITA"]
[SourceTitle "EXT 2011"]
[Source "ChessBase"]
[SourceDate "2010.11.26"]
[SourceVersion "1"]
[SourceVersionDate "2010.11.26"]
[SourceQuality "1"]

1. e4 e5 2. Nf3 Nc6 3. d4 exd4 4. Nxd4 Bc5 5. Be3 Qf6 6. c3 Nge7 7. Nc2 Bxe3 8. Nxe3 d6 9. Nd2 0-0 10. Qf3 Qg6 11. Be2 Ne5 12. Qg3 Be6 13. Qxg6 N7xg6 14. g3 Ne7 15. 0-0 f5 16. f4 Nd7 17. exf5 Nxf5 18. Nxf5 Bxf5 19. Bf3 Rab8 20. Bd5+ Kh8 21. Rfe1 Nf6 22. Be6 Bxe6 23. Rxe6 Rbe8 24. Rae1 Kg8 25. Rxe8 Rxe8 1/2-1/2